<?xml version="1.0" encoding="UTF-8"?>
<collection xmlns="http://www.loc.gov/MARC21/slim">
 <record>
  <leader>01609nam a22002535a 4500</leader>
  <controlfield tag="001">CEM.cems013706</controlfield>
  <controlfield tag="005">20130410161021.0</controlfield>
  <controlfield tag="008">130507s2009##################000#0#####d</controlfield>
  <controlfield tag="003">CEMS</controlfield>
  <datafield tag="020" ind1=" " ind2=" ">
   <subfield code="a">9789871150229</subfield>
  </datafield>
  <datafield tag="082" ind1="0" ind2="4">
   <subfield code="a">891.863</subfield>
  </datafield>
  <datafield tag="100" ind1="1" ind2=" ">
   <subfield code="a">Kafka, Franz</subfield>
  </datafield>
  <datafield tag="245" ind1="1" ind2="0">
   <subfield code="a">La metamorfosis. carta al padre /</subfield>
   <subfield code="c">Franz Kafka</subfield>
  </datafield>
  <datafield tag="250" ind1=" " ind2=" ">
   <subfield code="a">1a. reimp.</subfield>
  </datafield>
  <datafield tag="260" ind1=" " ind2=" ">
   <subfield code="a">Buenos Aires :</subfield>
   <subfield code="b">Cántaro,</subfield>
   <subfield code="c">2009</subfield>
  </datafield>
  <datafield tag="300" ind1=" " ind2=" ">
   <subfield code="a">160 p.</subfield>
  </datafield>
  <datafield tag="490" ind1="0" ind2=" ">
   <subfield code="a">Del Mirador; 121</subfield>
  </datafield>
  <datafield tag="500" ind1=" " ind2=" ">
   <subfield code="a">Compilado por Ruth Kaufman y Ercilia Aitala</subfield>
  </datafield>
  <datafield tag="505" ind1="0" ind2=" ">
   <subfield code="a">El padre de Kafka, un gigantede fuerza física y espíritu emprendedor, y su hijo débil, sufriente en su miserable cuerpo, son los protagonistas de Carta al padre, documento autobiográfico que permite ver lo destrozada e incompleta que fue la existencia del escritor. Kafka se siente como Gregor Samsa , el personaje de La metamorfosis que se levanta una mañana convertido en un espantoso insecto, perturba a su familia, es hostigado, se aisla. Excluido del mundo, acosado  por el autodesprecio y el sentimiento de culpa, no puede transgredir la frontera entre la soledad y la sociedad, y allí instala esa frontera. Tiene, sin embargo, el impulso de la partida. Y espera. Como todos los personajes de Kafka, para quien el hombre no puede vivir &quot;sin una confianza perdurable en algo indestructible&quot;, sin la convicción ineludible de que las metas existen, aunque no existan los caminos</subfield>
  </datafield>
  <datafield tag="653" ind1=" " ind2=" ">
   <subfield code="a">Literatura</subfield>
  </datafield>
  <datafield tag="653" ind1=" " ind2=" ">
   <subfield code="a">Literatura checa</subfield>
  </datafield>
  <datafield tag="700" ind1="1" ind2=" ">
   <subfield code="a">Kaufman, Ruth; comp.</subfield>
  </datafield>
  <datafield tag="700" ind1="1" ind2=" ">
   <subfield code="a">Aitala, Ercilia; comp.</subfield>
  </datafield>
  <datafield tag="859" ind1=" " ind2=" ">
   <subfield code="a">CEMS</subfield>
   <subfield code="b">BIB. CEMS - 11 de abril</subfield>
   <subfield code="h">891.863</subfield>
   <subfield code="i">K110-8</subfield>
   <subfield code="p">26439.12</subfield>
   <subfield code="t">Ej.1</subfield>
  </datafield>
 </record>
</collection>
